NASCAR Cup Winners at Pocono Raceway - Statistics

General Stats
  • This quiz has been taken 519 times
    236 since last reset
  • The average score is 71 of 91
Answer Stats
Year Winner % Correct
2022 Chase Elliott
96%
1987 Dale Earnhardt
96%
1993 Dale Earnhardt
96%
2014 Dale Earnhardt Jr
96%
2014 Dale Earnhardt Jr
96%
1996 Jeff Gordon
96%
1997 Jeff Gordon
96%
1998 Jeff Gordon
96%
2007 Jeff Gordon
96%
2011 Jeff Gordon
96%
2012 Jeff Gordon
96%
2017 Kyle Busch
96%
2018 Kyle Busch
96%
2019 Kyle Busch
96%
2021 Kyle Busch
96%
1985 Bill Elliott
95%
1985 Bill Elliott
95%
1988 Bill Elliott
95%
1989 Bill Elliott
95%
2002 Bill Elliott
95%
2004 Jimmie Johnson
93%
2004 Jimmie Johnson
93%
2013 Jimmie Johnson
93%
2005 Kurt Busch
93%
2007 Kurt Busch
93%
2016 Kurt Busch
93%
2006 Denny Hamlin
92%
2006 Denny Hamlin
92%
2009 Denny Hamlin
92%
2010 Denny Hamlin
92%
2019 Denny Hamlin
92%
2020 Denny Hamlin
92%
2023 Denny Hamlin
92%
1974 Richard Petty
92%
1976 Richard Petty
92%
2012 Joey Logano
90%
1993 Kyle Petty
89%
2017 Ryan Blaney
88%
2024 Ryan Blaney
88%
2020 Kevin Harvick
87%
1982 Bobby Allison
86%
1982 Bobby Allison
86%
1983 Bobby Allison
86%
2011 Brad Keselowski
84%
2015 Martin Truex Jr
82%
2018 Martin Truex Jr
82%
2003 Tony Stewart
81%
2009 Tony Stewart
81%
2015 Matt Kenseth
80%
1999 Bobby Labonte
76%
1999 Bobby Labonte
76%
2001 Bobby Labonte
76%
1991 Rusty Wallace
76%
1994 Rusty Wallace
76%
1996 Rusty Wallace
76%
2000 Rusty Wallace
76%
1989 Terry Labonte
76%
1995 Terry Labonte
76%
1979 Cale Yarborough
75%
1984 Cale Yarborough
75%
1975 David Pearson
75%
1978 Darrell Waltrip
74%
1981 Darrell Waltrip
74%
1991 Darrell Waltrip
74%
1992 Darrell Waltrip
74%
2005 Carl Edwards
73%
2008 Carl Edwards
73%
1995 Dale Jarrett
69%
1997 Dale Jarrett
69%
2002 Dale Jarrett
69%
2008 Kasey Kahne
66%
2013 Kasey Kahne
66%
2021 Alex Bowman
65%
2003 Ryan Newman
63%
2016 Chris Buescher
55%
2010 Greg Biffle
55%
1992 Alan Kulwicki
52%
1977 Benny Parsons
50%
2001 Ricky Rudd
50%
1988 Geoff Bodine
46%
1990 Geoff Bodine
46%
1994 Geoff Bodine
46%
1998 Jeremy Mayfield
45%
2000 Jeremy Mayfield
45%
1983 Tim Richmond
38%
1986 Tim Richmond
38%
1986 Tim Richmond
38%
1987 Tim Richmond
38%
1984 Harry Gant
37%
1990 Harry Gant
37%
1980 Neil Bonnett
31%
No matching quizzes found
Score Distribution
Percent of People with Each Score
Percentile by Number Answered
Your Score History
You have not taken this quiz since the last reset